000 00320nam a22001337a 4500
008 171002b xxu||||| |||| 00| 0 eng d
020 _a9781557985378
041 _aeng
080 _a159.9
100 _a48
101 _aPSI
245 _aACTIVITIES HANDBOOK TEACHING PSYCHOLOGY
_cBENJAMIN.L.T
942 _2udc
_cBK
999 _c31214
_d31214